000 00603nam a22002417a 4500
003 OSt
020 _a9789327230260
082 _a657.42
_bJAI/Ad
100 _aJain, S P
245 _aAdvanced cost accounting:
_bcost management
250 _a13, rev.
260 _aNew Delhi
_bKalyani Publications
_c2013
300 _aviii, 7-16p.
546 _aEnglish
650 _aMaterial cost and control
650 _aLabour cost
650 _aAccounting
650 _aOverhead costs
650 _aSpecific order costing
700 _aNarang, K L
700 _a Agrawal, Simmi
942 _2ddc
_cBK
999 _c155929
_d155929